=LDR 00000nam 2200000 4500 =001 INLIS000000000054961 =005 20200304012501 =035 ##$$a 0010-0320000068 =007 ta =008 200304###########################0#ind## =020 ##$$a 978602-350-029-1 =082 ##$$a 370.114 =084 ##$$a 370.114 Ach s =245 1#$$a Sistem nilai : $b Alternatif wajah-wajah pendidikan /$c Prof. Dr. Achmad Sanusi =250 ##$$a Cet 2 =300 ##$$a 282 halaman. : $b - ; $c 21 Cm. =650 #4$$a Pendidikan moral =700 #$$a Editor : Yosal Iriantara =264 ##$$a Bandung :$b Nuansa cendikia,$c 2017 =336 ##$$a teks$2 rdacontent =337 ##$$a lain-lain$2 rdamedia =338 ##$$a lain-lain$2 rdacarrier =990 ##$$a 16621662 =990 ##$$a 16621662